Guess the 23/24 Dallas Mavericks roster - Statistics

General Stats
  • This quiz has been taken 36 times
  • The average score is 10 of 17
Answer Stats
Hint Answer % Correct
PG-11 Kyrie Irving
100%
PG-77 Luka Doncic
100%
PF-25 P.J. Washington
81%
SF-10 Tim Hardaway Jr.
81%
C-21 Daniel Gafford
78%
PF-42 Maxi Kleber
78%
C-7 Dwight Powell
75%
SF-55 Derrick Jones Jr.
66%
PF-88 Markieff Morris
56%
SG-8 Josh Green
53%
G-0 Dante Exum
50%
C-2 Dereck Lively
47%
G-1 Jaden Hardy
44%
G-9 A.J. Lawson
38%
F-18 Olivier-Maxence Prosper
31%
PF-13 Greg Brown
28%
G-00 Brandon Williams
25%
No matching quizzes found
Score Distribution
Percent of People with Each Score
Percentile by Number Answered
Your Score History
You have not taken this quiz